000 00488nam a2200181Ia 4500
003 LK-CoDNM
008 010623t2007 xxu||||| |||| 00| 1 sin d
040 _aLK-CoDNM
_dLK-CoDNM
_eLK-CoDNM
041 _asin
080 _a77.022.1
_bARI
100 _aAriyarathna, Sunil
245 _aචිතර්කථාවේ වංශකථාව
246 _aChitra kathawee vanshakathava
260 _bM.D.Gunasena
_aColombo
_c2007
300 _b134, 22 cm
650 _aStory
942 _cBK
999 _c126640
_d126640